01550nam a2200241Ia 45000010005000000080041000050100009000460410014000550820017000692450144000862600027002303000007002575200007002646300023002716300012002946300014003066300021003206500024003417000026003657000035003917000029004265200853004552671241029s9999 xx 000 0 und d a2508 aEspañol a370-086-2007 0aImpacto del rol de los actores en la gestión de calidad de la Escuela Anexa Juan Vicente Moscoso, San Pedro de Macorís, año 2006-2007 aSan Pedro de Macorís a50 a37 aActores Educativos aCalidad aGestión aRoles Educativos aGestión Educativa easesoraBasora, Olga  eautora Rosario, Ysidro Natera eautora Estévez, Sedie aLa investigación se planteó como objetivo general analizar El Impacto del Rol de los Actores en la Calidad del Proceso Pedagógico de la escuela Anexa Juan Vicente Moscoso en el años 2006-2007. Se trabajó con el método inductivo, el deductivo y de campo. Se trabajó con una muestra de 26, de una población de 76 estudiantes y una población de 19 profesores.Las principales conclusiones mostraron que el rol de los actores del centro tiene un impacto positivo, ya que todos cumplen con sus funciones. Se hicieron las siguientes recomendaciones: que la directora del centro continúe fomentando la buena relación con la comunidad estudiantil; a la Secretaría de Educación dar más apoyo a los programas impulsados en este centro educativo mediante el acompañamiento a través de los técnicos de educación del distrito.